000 00554nam a2200181Ia 4500
005 20250326141954.0
008 250326s9999 xx 000 0 und d
037 _aTextbook
040 _aFMSL
_beng
_cFMSL
041 _aeng
_2eng
084 _aX62.443182 M5
_qFMSL
100 _aTripathi D
_9128214
245 0 _aTowards a new frontier : History of the Bank of Baroda 1908-1983
_cTripathi D; Mishra P
260 _aNew Delhi
_bNew Delhi, Manohar
_c1985
300 _a329p
942 _cTB
_hX62.443182 M5
999 _c1292851
_d1292851